[Event "Najdorf Memorial B"]
[Site "Warsaw POL"]
[Date "2021.07.16"]
[Round "7.7"]
[White "Goral, Jan"]
[Black "Wiktorowski, Janusz"]
[Result "1-0"]
[WhiteElo "1707"]
[BlackElo "1440"]
[EventDate "????.??.??"]
[PlyCount "143"]
[LiveChessVersion "1.4.8"]

1.d4 {[%clk 1:30:54]} 1...d5 {[%clk 1:30:53]} 2.Nf3 {[%clk 1:31:12]} 2...h6 
{[%clk 1:29:08]} 3.c4 {[%clk 1:30:00]} 3...e6 {[%clk 1:29:18]} 4.g3 {[%clk
1:28:55]} 4...c5 {[%clk 1:28:57]} 5.cxd5 {[%clk 1:28:09]} 5...exd5 {[%clk
1:29:17]} 6.Bg2 {[%clk 1:28:21]} 6...Nf6 {[%clk 1:27:28]} 7.Nc3 {[%clk 1:28:10]} 
7...Be6 {[%clk 1:24:38]} 8.O-O {[%clk 1:23:58]} 8...Be7 {[%clk 1:20:37]} 9.dxc5 
{[%clk 1:17:33]} 9...Bxc5 {[%clk 1:20:37]} 10.Nd4 {[%clk 1:17:01]} 10...O-O 
{[%clk 1:15:14]} 11.Nxe6 {[%clk 1:10:29]} 11...fxe6 {[%clk 1:15:41]} 12.Qc2 
{[%clk 1:05:13]} 12...Nbd7 {[%clk 1:04:36]} 13.e3 {[%clk 0:49:55]} 13...Rc8 
{[%clk 1:02:29]} 14.Qe2 {[%clk 0:49:09]} 14...Ne5 {[%clk 0:56:58]} 15.h3 {[%clk
0:43:45]} 15...a6 {[%clk 0:43:01]} 16.Bd2 {[%clk 0:36:07]} 16...Nc4 {[%clk
0:42:48]} 17.Rab1 {[%clk 0:36:06]} 17...b5 {[%clk 0:34:37]} 18.b4 {[%clk
0:26:45]} 18...Bb6 {[%clk 0:33:01]} 19.Rb3 {[%clk 0:26:11]} 19...e5 {[%clk
0:22:08]} 20.Nxd5 {[%clk 0:19:06]} 20...Nxd2 {[%clk 0:17:31]} 21.Qxd2 {[%clk
0:17:47]} 21...Nxd5 {[%clk 0:15:06]} 22.Bxd5+ {[%clk 0:14:11]} 22...Kh8 {[%clk
0:15:20]} 23.Rd3 {[%clk 0:12:29]} 23...Qe7 {[%clk 0:13:04]} 24.Be4 {[%clk
0:06:22]} 24...Rc4 {[%clk 0:09:34]} 25.Rd7 {[%clk 0:03:40]} 25...Qxb4 {[%clk
0:10:01]} 26.Qxb4 {[%clk 0:04:05]} 26...Rxb4 {[%clk 0:10:10]} 27.Bd5 {[%clk
0:04:25]} 27...Rd8 {[%clk 0:08:53]} 28.Rxd8+ {[%clk 0:04:30]} 28...Bxd8 {[%clk
0:09:22]} 29.Rc1 {[%clk 0:04:39]} 29...Bf6 {[%clk 0:08:40]} 30.Rc8+ {[%clk
0:04:43]} 30...Kh7 {[%clk 0:09:06]} 31.Ra8 {[%clk 0:04:33]} 31...Ra4 {[%clk
0:09:13]} 32.Bb3 {[%clk 0:04:23]} 32...Ra5 {[%clk 0:08:49]} 33.Kg2 {[%clk
0:04:18]} 33...b4 {[%clk 0:07:56]} 34.Kf3 {[%clk 0:04:33]} 34...Ra3 {[%clk
0:07:23]} 35.Ke4 {[%clk 0:04:41]} 35...Ra5 {[%clk 0:07:13]} 36.Kf5 {[%clk
0:04:06]} 36...e4+ {[%clk 0:07:16]} 37.Kxe4 {[%clk 0:04:26]} 37...Re5+ {[%clk
0:07:37]} 38.Kf3 {[%clk 0:04:27]} 38...a5 {[%clk 0:07:56]} 39.Bc2+ {[%clk
0:02:57]} 39...g6 {[%clk 0:08:16]} 40.Ra7+ {[%clk 0:03:15]} 40...Bg7 {[%clk
0:08:37]} 41.Ra6 {[%clk 0:03:31]} 41...Rc5 {[%clk 0:05:45]} 42.Bxg6+ {[%clk
0:03:47]} 42...Kg8 {[%clk 0:06:05]} 43.Ra8+ {[%clk 0:03:53]} 43...Bf8 {[%clk
0:06:33]} 44.Be4 {[%clk 0:03:49]} 44...Kg7 {[%clk 0:05:34]} 45.Ra6 {[%clk
0:03:53]} 45...Kf7 {[%clk 0:05:39]} 46.Kf4 {[%clk 0:03:27]} 46...Ke7 {[%clk
0:05:34]} 47.g4 {[%clk 0:03:19]} 47...Bg7 {[%clk 0:05:19]} 48.Rc6 {[%clk
0:02:45]} 48...Rc3 {[%clk 0:03:13]} 49.Rxc3 {[%clk 0:02:27]} 49...bxc3 {[%clk
0:03:42]} 50.Bc2 {[%clk 0:02:43]} 50...Kd6 {[%clk 0:02:56]} 51.Ke4 {[%clk
0:01:57]} 51...Bf6 {[%clk 0:03:20]} 52.f4 {[%clk 0:01:41]} 52...Ke6 {[%clk
0:03:22]} 53.Bb3+ {[%clk 0:01:26]} 53...Kd6 {[%clk 0:03:38]} 54.Kd3 {[%clk
0:00:56]} 54...Ke7 {[%clk 0:04:04]} 55.e4 {[%clk 0:01:13]} 55...Bh4 {[%clk
0:03:16]} 56.Kxc3 {[%clk 0:01:09]} 56...Bg3 {[%clk 0:03:42]} 57.f5 {[%clk
0:01:36]} 57...Kf6 {[%clk 0:03:59]} 58.Kd4 {[%clk 0:01:34]} 58...Bf2+ {[%clk
0:04:15]} 59.Kd5 {[%clk 0:01:58]} 59...Bg3 {[%clk 0:04:19]} 60.a4 {[%clk
0:02:11]} 60...Bf4 {[%clk 0:04:16]} 61.Bc2 {[%clk 0:02:04]} 61...Bg3 {[%clk
0:04:31]} 62.Kc6 {[%clk 0:02:26]} 62...Bf2 {[%clk 0:04:38]} 63.Kd7 {[%clk
0:02:29]} 63...Bg3 {[%clk 0:04:53]} 64.Bb1 {[%clk 0:02:16]} 64...Bf4 {[%clk
0:04:16]} 65.Kc6 Bg3 {[%clk 0:04:31]} 66.Kd5 {[%clk 0:02:53]} 66...Bf4 {[%clk
0:04:44]} 67.h4 {[%clk 0:02:51]} 67...Bg3 {[%clk 0:03:40]} 68.g5+ {[%clk
0:02:42]} 68...hxg5 {[%clk 0:04:01]} 69.hxg5+ {[%clk 0:03:02]} 69...Kxg5 {[%clk
0:04:29]} 70.e5 {[%clk 0:03:24]} 70...Kh6 {[%clk 0:04:42]} 71.f6 {[%clk
0:03:31]} 71...Be1 {[%clk 0:04:52]} 72.e6 1-0

[Event "Najdorf Memorial B"]
[Site "Warsaw POL"]
[Date "2021.07.16"]
[Round "7.8"]
[White "Jozwik, Michal"]
[Black "Iwaszkiewicz, Krzysztof"]
[Result "0-1"]
[WhiteElo "1435"]
[BlackElo "1706"]
[EventDate "????.??.??"]
[PlyCount "68"]
[LiveChessVersion "1.4.8"]

1.d4 {[%clk 1:30:56]} 1...d5 {[%clk 1:30:57]} 2.Nf3 {[%clk 1:31:17]} 2...Nf6 
{[%clk 1:31:22]} 3.c4 {[%clk 1:31:39]} 3...c6 {[%clk 1:31:50]} 4.e3 {[%clk
1:31:58]} 4...e6 {[%clk 1:32:18]} 5.Bd3 {[%clk 1:32:19]} 5...Nbd7 {[%clk
1:32:43]} 6.O-O {[%clk 1:32:36]} 6...dxc4 {[%clk 1:32:01]} 7.Bxc4 {[%clk
1:32:42]} 7...Be7 {[%clk 1:32:27]} 8.Nc3 {[%clk 1:31:02]} 8...b5 {[%clk
1:32:51]} 9.Bd3 {[%clk 1:29:31]} 9...b4 {[%clk 1:32:52]} 10.Ne4 {[%clk 1:28:46]} 
10...Bb7 {[%clk 1:33:15]} 11.Qa4 {[%clk 1:15:00]} 11...Qb6 {[%clk 1:33:19]} 
12.Ne5 {[%clk 1:12:54]} 12...O-O {[%clk 1:31:49]} 13.Nxd7 {[%clk 1:12:24]} 
13...Nxd7 {[%clk 1:32:14]} 14.b3 {[%clk 1:07:30]} 14...a5 {[%clk 1:28:00]} 
15.Nd2 {[%clk 1:05:18]} 15...Qc7 {[%clk 1:24:46]} 16.Nc4 {[%clk 1:03:00]} 
16...Ba6 {[%clk 1:18:10]} 17.Qxa5 {[%clk 0:55:47]} 17...Qxa5 {[%clk 1:18:17]} 
18.Nxa5 {[%clk 0:56:14]} 18...Bxd3 {[%clk 1:18:44]} 19.Nxc6 {[%clk 0:56:38]} 
19...Bd6 {[%clk 1:19:10]} 20.Rd1 {[%clk 0:56:53]} 20...Be4 {[%clk 1:19:36]} 
21.d5 {[%clk 0:56:29]} 21...Bxd5 {[%clk 1:17:42]} 22.Nd4 {[%clk 0:51:39]} 
22...Nf6 {[%clk 1:16:05]} 23.f3 {[%clk 0:50:54]} 23...Bc5 {[%clk 1:15:27]} 
24.Bb2 Ra5 {[%clk 1:14:23]} 25.Kf2 {[%clk 0:50:20]} 25...Rfa8 {[%clk 1:14:45]} 
26.Ne2 {[%clk 0:49:31]} 26...Rxa2 {[%clk 1:14:26]} 27.Rxa2 {[%clk 0:49:58]} 
27...Rxa2 {[%clk 1:14:49]} 28.Rd2 {[%clk 0:50:22]} 28...h6 {[%clk 1:14:47]} 
29.Nc1 {[%clk 0:50:22]} 29...Ra8 {[%clk 1:14:40]} 30.Nd3 {[%clk 0:50:42]} 
30...Be7 {[%clk 1:14:27]} 31.Nc1 {[%clk 0:51:04]} 31...Bc6 {[%clk 1:12:51]} 
32.Rc2 {[%clk 0:51:18]} 32...Bb5 {[%clk 1:13:12]} 33.Rc7 {[%clk 0:51:13]} 
33...Nd5 {[%clk 1:13:12]} 34.Rb7 {[%clk 0:51:27]} 34...Bc6 {[%clk 1:13:34]} 0-1

[Event "Najdorf Memorial B"]
[Site "Warsaw POL"]
[Date "2021.07.16"]
[Round "7.10"]
[White "Wnuk, Piotr"]
[Black "Rutkowski, Piotr"]
[Result "1/2-1/2"]
[WhiteElo "1256"]
[BlackElo "1688"]
[EventDate "????.??.??"]
[PlyCount "88"]
[LiveChessVersion "1.4.8"]

1.b4 {[%clk 1:30:58]} 1...d5 {[%clk 1:26:49]} 2.Bb2 {[%clk 1:30:52]} 2...Bf5 
{[%clk 1:26:37]} 3.a3 {[%clk 1:30:18]} 3...e6 {[%clk 1:26:49]} 4.e3 {[%clk
1:30:35]} 4...Nf6 {[%clk 1:27:06]} 5.d4 {[%clk 1:30:56]} 5...Bd6 {[%clk
1:25:35]} 6.c4 {[%clk 1:31:13]} 6...c6 {[%clk 1:25:43]} 7.c5 {[%clk 1:30:01]} 
7...Bc7 {[%clk 1:25:59]} 8.Nc3 {[%clk 1:30:20]} 8...e5 {[%clk 1:23:51]} 9.Nf3 
{[%clk 1:30:28]} 9...Nbd7 {[%clk 1:23:10]} 10.Be2 {[%clk 1:28:32]} 10...O-O 
{[%clk 1:23:18]} 11.Na4 {[%clk 1:25:58]} 11...Qe7 {[%clk 1:20:06]} 12.Nd2 
{[%clk 1:23:00]} 12...exd4 {[%clk 1:09:51]} 13.Bxd4 {[%clk 1:22:49]} 13...Ne4 
{[%clk 1:09:37]} 14.Nxe4 {[%clk 1:19:03]} 14...dxe4 {[%clk 1:09:55]} 15.h4 
{[%clk 1:09:33]} 15...Ne5 {[%clk 1:07:06]} 16.Nc3 {[%clk 1:07:52]} 16...Nd3+ 
{[%clk 1:05:41]} 17.Bxd3 {[%clk 1:07:51]} 17...exd3 {[%clk 1:06:01]} 18.g4 
{[%clk 1:07:29]} 18...Be4 {[%clk 1:03:21]} 19.f3 {[%clk 1:04:58]} 19...Bg6 
{[%clk 0:55:42]} 20.h5 {[%clk 1:04:29]} 20...Rad8 {[%clk 0:56:02]} 21.Kf2 
{[%clk 0:51:59]} 21...Rxd4 {[%clk 0:56:13]} 22.exd4 {[%clk 0:48:27]} 22...Qf6 
{[%clk 0:56:36]} 23.hxg6 {[%clk 0:43:26]} 23...Qxd4+ {[%clk 0:56:55]} 24.Kg2 
{[%clk 0:43:43]} 24...Qxc3 {[%clk 0:56:45]} 25.gxh7+ {[%clk 0:43:59]} 25...Kh8 
{[%clk 0:57:06]} 26.Qe1 {[%clk 0:41:26]} 26...Qb2+ {[%clk 0:57:13]} 27.Qf2 
{[%clk 0:41:43]} 27...d2 {[%clk 0:54:28]} 28.Rad1 {[%clk 0:41:01]} 28...Bf4 
{[%clk 0:39:04]} 29.Qe2 {[%clk 0:39:04]} 29...Rd8 {[%clk 0:38:28]} 30.Qe7 
{[%clk 0:35:33]} 30...Qd4 {[%clk 0:38:49]} 31.Qe4 {[%clk 0:35:46]} 31...Qf6 
{[%clk 0:29:30]} 32.Qe2 {[%clk 0:23:27]} 32...g6 {[%clk 0:29:47]} 33.Qe4 {[%clk
0:22:46]} 33...Kg7 {[%clk 0:29:25]} 34.Qd3 {[%clk 0:22:24]} 34...Bh6 {[%clk
0:24:12]} 35.Rxh6 {[%clk 0:21:09]} 35...Kxh6 {[%clk 0:22:55]} 36.Qe3+ {[%clk
0:20:18]} 36...Kxh7 {[%clk 0:22:04]} 37.Rxd2 {[%clk 0:20:42]} 37...Rxd2+ {[%clk
0:21:45]} 38.Qxd2 {[%clk 0:21:05]} 38...Kg7 {[%clk 0:22:03]} 39.Qd7 {[%clk
0:21:16]} 39...Qb2+ {[%clk 0:21:33]} 40.Kg3 {[%clk 0:21:35]} 40...Qe5+ {[%clk
0:21:10]} 41.Kg2 {[%clk 0:21:32]} 41...Qe2+ {[%clk 0:21:01]} 42.Kg3 {[%clk
0:21:43]} 42...Qe5+ {[%clk 0:20:35]} 43.Kg2 {[%clk 0:21:50]} 43...Qe2+ {[%clk
0:14:28]} 44.Kg3 {[%clk 0:22:06]} 44...Qe5+ {[%clk 0:14:34]} 1/2-1/2

[Event "Najdorf Memorial B"]
[Site "Warsaw POL"]
[Date "2021.07.16"]
[Round "7.11"]
[White "Dropia, Rafal"]
[Black "Szymkiewicz, Witold"]
[Result "1-0"]
[WhiteElo "1634"]
[BlackElo "1413"]
[EventDate "????.??.??"]
[PlyCount "73"]
[LiveChessVersion "1.4.8"]

1.d4 {[%clk 1:30:57]} 1...e6 {[%clk 1:30:54]} 2.Bf4 {[%clk 1:31:22]} 2...c5 
{[%clk 1:30:41]} 3.e3 {[%clk 1:30:01]} 3...Qb6 {[%clk 1:30:03]} 4.Nc3 {[%clk
1:28:47]} 4...a6 {[%clk 1:28:29]} 5.Na4 {[%clk 1:24:46]} 5...Qa5+ {[%clk
1:28:51]} 6.c3 {[%clk 1:25:15]} 6...cxd4 {[%clk 1:28:08]} 7.exd4 {[%clk
1:24:39]} 7...b5 {[%clk 1:23:00]} 8.Nc5 {[%clk 1:23:44]} 8...Bxc5 {[%clk
1:13:51]} 9.dxc5 {[%clk 1:24:12]} 9...b4 {[%clk 1:13:32]} 10.a3 {[%clk 1:02:47]} 
10...bxc3 {[%clk 1:13:19]} 11.b4 {[%clk 1:02:38]} 11...Qd8 {[%clk 1:13:00]} 
12.Qd4 {[%clk 0:52:12]} 12...f6 {[%clk 1:10:23]} 13.Bd6 {[%clk 0:52:01]} 
13...Ne7 {[%clk 1:09:43]} 14.Bd3 {[%clk 0:50:43]} 14...Bb7 {[%clk 1:06:40]} 
15.f3 {[%clk 0:50:02]} 15...Nbc6 {[%clk 1:03:26]} 16.Qxc3 {[%clk 0:50:02]} 
16...Ng6 {[%clk 1:01:52]} 17.Ne2 {[%clk 0:48:26]} 17...Kf7 {[%clk 0:59:29]} 
18.Rd1 {[%clk 0:41:10]} 18...f5 {[%clk 0:56:03]} 19.Bc4 {[%clk 0:35:10]} 
19...Qf6 {[%clk 0:55:11]} 20.Qd2 {[%clk 0:33:16]} 20...Nce5 {[%clk 0:51:25]} 
21.Bxe5 {[%clk 0:30:08]} 21...Nxe5 {[%clk 0:51:05]} 22.Qf4 {[%clk 0:23:52]} 
22...g5 {[%clk 0:50:06]} 23.Qd4 {[%clk 0:20:32]} 23...Bxf3 {[%clk 0:46:46]} 
24.O-O {[%clk 0:20:57]} 24...Bxe2 {[%clk 0:46:36]} 25.Bxe2 {[%clk 0:21:11]} 
25...Rhd8 {[%clk 0:45:27]} 26.Rfe1 {[%clk 0:20:59]} 26...Ng6 {[%clk 0:43:08]} 
27.Qc4 {[%clk 0:19:54]} 27...Kg7 {[%clk 0:41:44]} 28.Rd6 {[%clk 0:19:46]} 
28...Qb2 {[%clk 0:38:37]} 29.Bf3 {[%clk 0:18:57]} 29...Rab8 {[%clk 0:31:53]} 
30.Qxa6 {[%clk 0:18:30]} 30...g4 {[%clk 0:31:33]} 31.Be2 {[%clk 0:13:22]} 
31...Qc3 {[%clk 0:30:23]} 32.Rdd1 {[%clk 0:12:05]} 32...Qe3+ {[%clk 0:26:33]} 
33.Kh1 {[%clk 0:12:34]} 33...Ra8 {[%clk 0:21:28]} 34.Qd3 {[%clk 0:11:20]} 
34...Rxa3 {[%clk 0:20:51]} 35.Qxe3 {[%clk 0:11:49]} 35...Rxe3 {[%clk 0:21:19]} 
36.c6 {[%clk 0:11:08]} 36...Rc3 {[%clk 0:20:16]} 37.Rxd7+ {[%clk 0:10:23]} 1-0

[Event "Najdorf Memorial B"]
[Site "Warsaw POL"]
[Date "2021.07.16"]
[Round "7.12"]
[White "Kopaniewski, Jakub"]
[Black "Obrycki, Tomasz"]
[Result "1-0"]
[WhiteElo "1634"]
[BlackElo "1404"]
[EventDate "????.??.??"]
[PlyCount "81"]
[LiveChessVersion "1.4.8"]

1.d4 {[%clk 1:30:57]} 1...Nf6 {[%clk 1:30:51]} 2.Bg5 {[%clk 1:31:21]} 2...d6 
{[%clk 1:29:48]} 3.Nc3 {[%clk 1:27:57]} 3...Nbd7 {[%clk 1:29:30]} 4.e4 {[%clk
1:25:52]} 4...e5 {[%clk 1:27:55]} 5.Bc4 {[%clk 1:25:16]} 5...Be7 {[%clk
1:27:29]} 6.Nf3 {[%clk 1:24:51]} 6...c6 {[%clk 1:26:37]} 7.a4 {[%clk 1:25:19]} 
7...Qc7 {[%clk 1:26:23]} 8.O-O {[%clk 1:25:41]} 8...O-O {[%clk 1:26:29]} 9.Re1 
{[%clk 1:25:40]} 9...Rd8 {[%clk 1:00:17]} 10.h3 {[%clk 1:25:43]} 10...Nf8 
{[%clk 0:59:51]} 11.d5 {[%clk 1:22:18]} 11...Ng6 {[%clk 0:59:04]} 12.Qe2 {[%clk
1:18:38]} 12...Nh5 {[%clk 0:51:34]} 13.g3 {[%clk 1:07:25]} 13...Bxh3 {[%clk
0:49:28]} 14.dxc6 {[%clk 1:04:52]} 14...bxc6 {[%clk 0:49:41]} 15.Nh2 {[%clk
0:56:33]} 15...Nxg3 {[%clk 0:43:08]} 16.fxg3 {[%clk 0:56:45]} 16...Bxg5 17.Qh5 
{[%clk 0:56:45]} 17...Bd2 {[%clk 0:43:40]} 18.Qxh3 {[%clk 0:56:52]} 18...Bxe1 
{[%clk 0:44:07]} 19.Rxe1 {[%clk 0:56:32]} 19...Qb6+ {[%clk 0:44:18]} 20.Kh1 
{[%clk 0:56:35]} 20...Qxb2 {[%clk 0:44:28]} 21.Bxf7+ {[%clk 0:49:27]} 21...Kxf7 
{[%clk 0:43:19]} 22.Nf3 {[%clk 0:48:03]} 22...Nf8 {[%clk 0:41:34]} 23.Rf1 
{[%clk 0:15:26]} 23...Kg8 {[%clk 0:39:14]} 24.Ng5 {[%clk 0:08:40]} 24...h6 
{[%clk 0:34:59]} 25.Nf7 {[%clk 0:07:46]} 25...Rd7 {[%clk 0:31:05]} 26.Nxh6+ 
{[%clk 0:03:43]} 26...gxh6 {[%clk 0:31:19]} 27.Nd1 {[%clk 0:04:12]} 27...Qb4 
{[%clk 0:29:56]} 28.Qf5 {[%clk 0:03:57]} 28...Qc4 {[%clk 0:27:13]} 29.Ne3 
{[%clk 0:03:33]} 29...Qe6 {[%clk 0:27:26]} 30.Qh5 {[%clk 0:03:46]} 30...Qg6 
{[%clk 0:27:35]} 31.Rxf8+ {[%clk 0:04:09]} 31...Kh7 {[%clk 0:26:51]} 32.Qxg6+ 
{[%clk 0:04:33]} 32...Kxg6 {[%clk 0:27:16]} 33.Rxa8 {[%clk 0:05:01]} 33...d5 
{[%clk 0:27:36]} 34.Ng4 {[%clk 0:03:56]} 34...Re7 {[%clk 0:27:14]} 35.Rg8+ 
{[%clk 0:04:14]} 35...Kf7 {[%clk 0:27:17]} 36.Nxh6+ {[%clk 0:04:35]} 36...Ke6 
{[%clk 0:26:49]} 37.Rg6+ {[%clk 0:04:45]} 37...Kd7 {[%clk 0:27:13]} 38.Nf5 
{[%clk 0:04:59]} 38...Rh7+ {[%clk 0:26:46]} 39.Kg2 {[%clk 0:05:22]} 39...Rh8 
{[%clk 0:26:36]} 40.exd5 {[%clk 0:05:17]} 40...cxd5 {[%clk 0:26:54]} 41.Rd6+ 
{[%clk 0:05:35]} 1-0

[Event "Najdorf Memorial B"]
[Site "Warsaw POL"]
[Date "2021.07.16"]
[Round "7.13"]
[White "Grunas, Jakub"]
[Black "Rzenca, Jerzy"]
[Result "0-1"]
[WhiteElo "1301"]
[BlackElo "1569"]
[EventDate "????.??.??"]
[PlyCount "160"]
[LiveChessVersion "1.4.8"]

1.e4 {[%clk 1:30:59]} 1...c6 {[%clk 1:26:01]} 2.d4 {[%clk 1:31:26]} 2...d5 
{[%clk 1:26:26]} 3.exd5 {[%clk 1:31:51]} 3...cxd5 {[%clk 1:26:52]} 4.c4 {[%clk
1:32:17]} 4...Nf6 {[%clk 1:27:17]} 5.Nc3 {[%clk 1:32:42]} 5...e6 {[%clk
1:27:43]} 6.Nf3 {[%clk 1:32:59]} 6...Be7 {[%clk 1:27:47]} 7.cxd5 {[%clk
1:32:24]} 7...Nxd5 {[%clk 1:28:09]} 8.Bd3 {[%clk 1:32:27]} 8...Nc6 {[%clk
1:27:45]} 9.a3 {[%clk 1:32:10]} 9...O-O {[%clk 1:27:46]} 10.O-O {[%clk 1:31:10]} 
10...Nf6 {[%clk 1:24:04]} 11.Re1 {[%clk 1:27:30]} 11...b6 {[%clk 1:24:26]} 
12.Bc2 {[%clk 1:23:08]} 12...Ba6 {[%clk 1:24:17]} 13.b4 {[%clk 1:22:05]} 
13...Rc8 {[%clk 1:22:43]} 14.b5 {[%clk 1:17:44]} 14...Na5 {[%clk 1:23:03]} 
15.Qd3 {[%clk 1:17:34]} 15...Bb7 {[%clk 1:22:16]} 16.Bg5 {[%clk 1:14:45]} 
16...g6 {[%clk 1:20:55]} 17.Bh6 {[%clk 1:09:38]} 17...Re8 {[%clk 1:21:17]} 
18.Ne5 {[%clk 1:06:57]} 18...Qc7 {[%clk 1:19:13]} 19.Bd2 {[%clk 1:05:13]} 
19...Nc4 {[%clk 1:16:29]} 20.Nxc4 {[%clk 0:52:41]} 20...Qxc4 {[%clk 1:16:50]} 
21.Rac1 {[%clk 0:44:30]} 21...Bxa3 {[%clk 1:13:59]} 22.Rb1 {[%clk 0:36:17]} 
22...Red8 {[%clk 1:10:25]} 23.Rb3 {[%clk 0:34:57]} 23...Qxd3 {[%clk 1:09:00]} 
24.Bxd3 {[%clk 0:35:23]} 24...Rxd4 {[%clk 1:08:48]} 25.Ne2 {[%clk 0:29:31]} 
25...Rg4 {[%clk 1:00:25]} 26.Rxa3 {[%clk 0:28:01]} 26...Rxg2+ {[%clk 1:00:48]} 
27.Kf1 {[%clk 0:28:22]} 27...Ng4 {[%clk 1:00:18]} 28.Rc1 {[%clk 0:20:25]} 
28...Nxh2+ {[%clk 0:44:20]} 29.Ke1 {[%clk 0:20:52]} 29...Nf3+ {[%clk 0:44:22]} 
30.Kd1 {[%clk 0:21:20]} 30...Rd8 {[%clk 0:42:59]} 31.Be3 {[%clk 0:17:28]} 
31...Ne5 {[%clk 0:41:09]} 32.Rcc3 {[%clk 0:17:26]} 32...g5 {[%clk 0:31:39]} 
33.Kc2 {[%clk 0:16:23]} 33...Nxd3 {[%clk 0:31:48]} 34.Rxd3 {[%clk 0:14:09]} 
34...Be4 {[%clk 0:32:14]} 35.Nc1 {[%clk 0:14:29]} 35...Bxd3+ {[%clk 0:30:37]} 
36.Nxd3 {[%clk 0:14:56]} 36...Rc8+ {[%clk 0:31:00]} 37.Kd2 {[%clk 0:14:43]} 
37...Rc7 {[%clk 0:31:29]} 38.Ne5 {[%clk 0:13:32]} 38...h5 {[%clk 0:29:10]} 
39.Ke2 {[%clk 0:12:13]} 39...Rg1 {[%clk 0:23:21]} 40.Nf3 {[%clk 0:10:12]} 
40...Rb1 {[%clk 0:23:39]} 41.Nxg5 {[%clk 0:10:18]} 41...Rxb5 {[%clk 0:23:57]} 
42.Ne4 {[%clk 0:09:19]} 42...Kh7 {[%clk 0:20:46]} 43.Bd4 {[%clk 0:08:26]} 
43...e5 {[%clk 0:17:07]} 44.Nd6 {[%clk 0:06:31]} 44...Rd5 {[%clk 0:13:22]} 
45.Ne8 {[%clk 0:06:49]} 45...Rc6 {[%clk 0:13:46]} 46.Be3 {[%clk 0:06:15]} 
46...Rd8 {[%clk 0:11:17]} 47.Rxa7 {[%clk 0:06:34]} 47...Rxe8 {[%clk 0:11:13]} 
48.Rxf7+ {[%clk 0:06:58]} 48...Kg6 {[%clk 0:11:35]} 49.Rb7 {[%clk 0:06:49]} 
49...Ree6 {[%clk 0:11:45]} 50.Kf3 {[%clk 0:07:01]} 50...Rc3 {[%clk 0:11:19]} 
51.Kg2 {[%clk 0:05:28]} 51...Rxe3 {[%clk 0:10:14]} 52.fxe3 {[%clk 0:05:51]} 
52...Kg5 {[%clk 0:10:37]} 53.Kg3 {[%clk 0:05:39]} 53...h4+ {[%clk 0:10:19]} 
54.Kh3 {[%clk 0:04:20]} 54...Rh6 {[%clk 0:10:45]} 55.Rg7+ {[%clk 0:04:11]} 
55...Kf5 {[%clk 0:11:01]} 56.Rg4 {[%clk 0:04:14]} 56...e4 {[%clk 0:09:39]} 
57.Rg8 {[%clk 0:04:26]} 57...Ke5 {[%clk 0:10:02]} 58.Rd8 {[%clk 0:04:36]} 
58...Kf5 {[%clk 0:06:22]} 59.Rb8 {[%clk 0:03:36]} 59...Ke5 {[%clk 0:02:35]} 
60.Rd8 {[%clk 0:04:01]} 60...b5 {[%clk 0:02:39]} 61.Rb8 {[%clk 0:04:06]} 
61...Kd5 {[%clk 0:03:01]} 62.Rxb5+ {[%clk 0:04:19]} 62...Kc4 {[%clk 0:03:28]} 
63.Ra5 {[%clk 0:04:15]} 63...Kd3 {[%clk 0:03:42]} 64.Ra3+ {[%clk 0:04:40]} 
64...Ke2 {[%clk 0:04:08]} 65.Rb3 {[%clk 0:04:50]} 65...Kf3 {[%clk 0:01:56]} 
66.Ra3 {[%clk 0:04:45]} 66...Rd6 {[%clk 0:01:16]} 67.Kxh4 {[%clk 0:04:43]} 
67...Rh6+ {[%clk 0:01:39]} 68.Kg5 {[%clk 0:05:02]} 68...Rd6 {[%clk 0:02:07]} 
69.Ra8 {[%clk 0:03:12]} 69...Kxe3 {[%clk 0:02:23]} 70.Kg4 {[%clk 0:02:09]} 
70...Ke2 {[%clk 0:02:01]} 71.Kf4 {[%clk 0:01:57]} 71...e3 72.Ra2+ {[%clk
0:02:15]} 72...Rd2 {[%clk 0:02:48]} 73.Ra3 {[%clk 0:02:35]} 73...Rd4+ {[%clk
0:02:57]} 74.Kg3 {[%clk 0:01:24]} 74...Rd3 {[%clk 0:03:14]} 75.Ra2+ {[%clk
0:01:42]} 75...Ke1 {[%clk 0:02:26]} 76.Ra1+ {[%clk 0:01:33]} 76...Rd1 {[%clk
0:02:34]} 77.Ra3 {[%clk 0:01:07]} 77...e2 {[%clk 0:02:58]} 78.Rf3 {[%clk
0:00:33]} 78...Kd2 {[%clk 0:03:17]} 79.Rf2 {[%clk 0:00:56]} 79...Rf1 {[%clk
0:03:30]} 80.Rh2 {[%clk 0:01:11]} 80...Kd1 {[%clk 0:03:46]} 0-1

[Event "Najdorf Memorial B"]
[Site "Warsaw POL"]
[Date "2021.07.16"]
[Round "7.15"]
[White "Kaluza, Maksymilian"]
[Black "Arciszewska, Zuzanna"]
[Result "1-0"]
[WhiteElo "1446"]
[BlackElo "1604"]
[EventDate "????.??.??"]
[PlyCount "51"]
[LiveChessVersion "1.4.8"]

1.e4 {[%clk 1:30:57]} 1...e5 {[%clk 1:30:50]} 2.Nf3 {[%clk 1:31:16]} 2...Nc6 
{[%clk 1:31:05]} 3.Bc4 {[%clk 1:31:36]} 3...Bc5 {[%clk 1:31:18]} 4.c3 {[%clk
1:31:52]} 4...Nf6 {[%clk 1:31:18]} 5.d4 {[%clk 1:32:11]} 5...exd4 {[%clk
1:31:17]} 6.e5 {[%clk 1:32:28]} 6...d5 {[%clk 1:31:17]} 7.Bb5 {[%clk 1:32:45]} 
7...Ne4 {[%clk 1:31:16]} 8.cxd4 {[%clk 1:33:03]} 8...Bb6 {[%clk 1:30:59]} 9.Nc3 
{[%clk 1:32:37]} 9...O-O {[%clk 1:28:27]} 10.Be3 {[%clk 1:26:13]} 10...f6 
{[%clk 1:15:59]} 11.Qb3 {[%clk 1:22:23]} 11...Nxc3 {[%clk 1:15:55]} 12.Bxc6 
{[%clk 1:22:31]} 12...bxc6 {[%clk 1:15:31]} 13.Qxc3 {[%clk 1:22:38]} 13...Bd7 
{[%clk 1:15:25]} 14.O-O {[%clk 1:20:17]} 14...Qe8 {[%clk 1:11:49]} 15.Rfe1 
{[%clk 0:53:05]} 15...f5 {[%clk 1:06:38]} 16.Bd2 {[%clk 0:44:27]} 16...h6 
{[%clk 1:02:34]} 17.e6 {[%clk 0:38:47]} 17...Bxe6 {[%clk 1:02:06]} 18.Rac1 
{[%clk 0:36:36]} 18...Qd7 {[%clk 0:59:44]} 19.Ne5 {[%clk 0:36:09]} 19...Qd6 
{[%clk 0:59:56]} 20.Bf4 {[%clk 0:30:20]} 20...g5 {[%clk 0:59:36]} 21.Qg3 {[%clk
0:29:35]} 21...g4 {[%clk 0:53:31]} 22.Nxg4 {[%clk 0:24:00]} 22...Qe7 {[%clk
0:52:08]} 23.Nxh6+ {[%clk 0:24:02]} 23...Kh7 {[%clk 0:51:40]} 24.Rxc6 {[%clk
0:23:45]} 24...Rae8 {[%clk 0:51:19]} 25.Qh3 {[%clk 0:21:58]} 25...Kg6 {[%clk
0:51:15]} 26.Re3 {[%clk 0:21:58]} 1-0